| 000 | 00545nam a22001697a 4500 | ||
|---|---|---|---|
| 003 | NUST | ||
| 038 | _aNusrat Nadeem | ||
| 082 | _a200 | ||
| 100 |
_aIqbal, Hameed _997237 |
||
| 245 |
_aAnalyzing and Investigating Encrypted Traffic of Social Media Application Instagram / _cHameed Iqbal |
||
| 264 |
_aIslamabad : _bSEECS, NUST, _c2022. |
||
| 300 | _a70 p. ; | ||
| 650 |
_aMS-Electrical Engineering _923567 |
||
| 700 |
_aSupervisor: Dr. Rizwan Ahmad _997238 |
||
| 856 | _uhttp://10.250.8.41:8080/xmlui/handle/123456789/29955 | ||
| 942 |
_2ddc _cSC |
||
| 999 |
_c591000 _d591000 |
||